000 00297nam a22000977a 4500
005 20250901165547.0
008 210907b |||||||| |||| 00| 0 eng d
050 _aHM24 .G68 1971
245 _a The coming crisis of Western sociology
_cGouldner, alvin W.
942 _2lcc
_hHM24 .G68 1971
999 _c5856
_d5856